<?xml version="1.0" encoding="UTF-8"?>
<record
    xmlns:xsi="http://www.w3.org/2001/XMLSchema-instance"
    xsi:schemaLocation="http://www.loc.gov/MARC21/slim http://www.loc.gov/standards/marcxml/schema/MARC21slim.xsd"
    xmlns="http://www.loc.gov/MARC21/slim">

  <leader>00783nam a2200217 a 4500</leader>
  <controlfield tag="001">BRCA_1297</controlfield>
  <controlfield tag="005">20190320203350.0</controlfield>
  <controlfield tag="008">230508s2002----sp-a---###---#000-0#spa-#</controlfield>
  <datafield tag="020" ind1=" " ind2=" ">
    <subfield code="a">8489104476</subfield>
  </datafield>
  <datafield tag="050" ind1=" " ind2="4">
    <subfield code="a">NB1910</subfield>
    <subfield code="b">.A43 2002</subfield>
  </datafield>
  <datafield tag="100" ind1="1" ind2=" ">
    <subfield code="a">Amador Marrero, Pablo F.</subfield>
    <subfield code="9">4243</subfield>
  </datafield>
  <datafield tag="245" ind1="1" ind2="0">
    <subfield code="a">Traza espa&#xF1;ola, ropaje indiano</subfield>
    <subfield code="b">el Cristo de Telde y la imaginer&#xED;a en ca&#xF1;a de ma&#xED;z</subfield>
    <subfield code="c">Pablo F. Amador Marrero.</subfield>
  </datafield>
  <datafield tag="260" ind1=" " ind2=" ">
    <subfield code="a">[Canarias]</subfield>
    <subfield code="b">M.I. Ayuntamiento de Telde</subfield>
    <subfield code="c">2002</subfield>
  </datafield>
  <datafield tag="300" ind1=" " ind2=" ">
    <subfield code="a">144 p.</subfield>
    <subfield code="b">il.</subfield>
    <subfield code="c">28 cm.</subfield>
  </datafield>
  <datafield tag="504" ind1=" " ind2=" ">
    <subfield code="a">Bibliograf&#xED;a: p. 141-144</subfield>
  </datafield>
  <datafield tag="600" ind1="1" ind2="4">
    <subfield code="a">Fray Mat&#xED;as de Escobar</subfield>
    <subfield code="d">1668-1748</subfield>
    <subfield code="9">4244</subfield>
  </datafield>
  <datafield tag="650" ind1="1" ind2="4">
    <subfield code="a">Cristos de ca&#xF1;a de ma&#xED;z</subfield>
    <subfield code="x">T&#xE9;cnicas y materiales</subfield>
    <subfield code="9">4245</subfield>
  </datafield>
  <datafield tag="650" ind1="1" ind2="4">
    <subfield code="a">Escultura</subfield>
    <subfield code="y">Colonia, 1540-1810</subfield>
    <subfield code="z">Nueva Espa&#xF1;a</subfield>
    <subfield code="9">4246</subfield>
  </datafield>
  <datafield tag="653" ind1="0" ind2=" ">
    <subfield code="a">Pasta de ca&#xF1;a</subfield>
  </datafield>
  <datafield tag="942" ind1=" " ind2=" ">
    <subfield code="2">lcc</subfield>
    <subfield code="c">B</subfield>
  </datafield>
  <datafield tag="999" ind1=" " ind2=" ">
    <subfield code="c">1163</subfield>
    <subfield code="d">1163</subfield>
  </datafield>
  <datafield tag="952" ind1=" " ind2=" ">
    <subfield code="0">0</subfield>
    <subfield code="1">0</subfield>
    <subfield code="4">0</subfield>
    <subfield code="7">0</subfield>
    <subfield code="a">BRCA</subfield>
    <subfield code="b">BRCA</subfield>
    <subfield code="d">2008-06-26</subfield>
    <subfield code="l">0</subfield>
    <subfield code="o">NB1910 .A43 2002</subfield>
    <subfield code="p">01793</subfield>
    <subfield code="r">2019-03-22 00:00:00</subfield>
    <subfield code="w">2019-03-22</subfield>
    <subfield code="y">B</subfield>
  </datafield>
</record>
